Pays avec le plus d'universités dans le top 10 mondial - Statistiques

Statistiques générales
  • Ce quiz a été pris 62 fois
  • Le résultat moyen est 6 sur 7
Statistiques - réponses
Hint Réponse % Correct
7 dans top 10 Etats-Unis
100%
2 dans top 10 Royaume-Uni
98%
0 top 10, mais 7 dans top 100 Chine
96%
0 top 10, 5 dans top 100 Canada
88%
0 top 10, mais 5 dans top 50 Australie
67%
1 dans top 10 Suisse
61%
1 dans top 10 Singapour
40%
Aucun quiz correspondant
Distribution des résultats
% des personnes avec chaque résultat
Percentile par nombre de réponses
Votre historique - résultats
Vous n’avez pas pris ce quiz